| 000 | 00696nam a22002177a 4500 | ||
|---|---|---|---|
| 003 | OSt | ||
| 005 | 20131126180001.0 | ||
| 008 | 130529s1995 sp ||||| |||| 00| 0 spa d | ||
| 020 | _a8476951728 | ||
| 040 | _cCDMR | ||
| 100 | 1 |
_93552 _aCremades, Javier |
|
| 245 | 1 | 4 |
_aLos límites de la libertad de expresión en el ordenamiento jurídico español _cJavier Cremades |
| 260 |
_aLas Rozas (Madrid) _bLa Ley _cDL 1995 |
||
| 300 | _a379 p. | ||
| 490 | 0 | _aLa Ley - Actualidad | |
| 650 | 0 | 4 |
_93073 _aLlibertat d'expressió |
| 650 | 0 | 4 |
_93208 _aPeriodisme _xDret i legislació |
| 650 | 0 | 4 |
_93370 _aMitjans de comunicació de massa _xDret i legislació |
| 650 | 0 | 4 |
_94396 _aDret i ètica |
| 942 |
_2udc _cMON |
||
| 999 |
_c6340 _d6340 |
||